Statistical methods
I tiakina i:
| Ngā kaituhi matua: | , |
|---|---|
| Hōputu: | Pukapuka |
| Reo: | Ingarihi |
| I whakaputaina: |
Ames
Iowa State University Press
1967
|
| Putanga: | 6a. ed |
| Ngā marau: | |
| Ngā Tūtohu: |
Tāpirihia he Tūtohu
Kāore He Tūtohu, Me noho koe te mea tuatahi ki te tūtohu i tēnei pūkete!
|
MARC
| LEADER | 00000nam a2200000 a 4500 | ||
|---|---|---|---|
| 001 | UCP2678 | ||
| 003 | CL-VaPUC | ||
| 008 | 990520e19670000US |||||||||||||||||eng|d | ||
| 082 | 0 | 4 | |a 519.5 |b SNE |2 21 |
| 100 | 0 | |a Snedecor, George Waddel |e author |9 429608 | |
| 700 | 0 | |a Cochran, William Gemmell |e author |9 429609 | |
| 245 | 1 | 0 | |a Statistical methods |
| 250 | |a 6a. ed | ||
| 300 | |a 593 p | ||
| 942 | |c BK | ||
| 945 | |d 19990520 00:00:00 |a crobeson | ||
| 260 | |a Ames |b Iowa State University Press |c 1967 | ||
| 650 | 0 | |a Estadística matemática |9 260028 | |
| 650 | 0 | |a Muestreo |9 270457 | |
| 650 | 7 | |a METODOS NO PARAMETRICOS |2 CL-VaPUC |9 407136 | |
| 650 | 0 | |a Regresión lineal |9 362689 | |
| 650 | 7 | |a CORRELACION |2 CL-VaPUC |9 429610 | |
| 650 | 0 | |a Análisis de varianza |9 336938 | |
| 650 | 0 | |a Regresión múltiple |9 424908 | |
| 650 | 0 | |a Análisis de covarianza |9 354464 | |
| 583 | |a last modification |c 19990520 00:00:00 |k Rodrigo Vera | ||
| 999 | |c 281181 |d 281179 | ||
| 952 | |0 0 |1 0 |4 0 |6 519_500000000000000_SNE_1967 |7 0 |8 A |9 321858 |a BIBGIM |b BIBGIM |d 2019-11-20 |i 1345907 |l 1 |o 519.5 SNE 1967 |p 1345907 |r 2025-01-15 |s 2020-03-05 |w 2019-11-20 |y BK |k EST | ||